[Event "55th Biel Master Open"]
[Site "Biel SUI"]
[Date "2022.07.13"]
[Round "1.24"]
[White "Bharath, Subramaniyam H"]
[Black "Hugentobler, Patrick"]
[Result "1-0"]
[WhiteTitle "GM"]
[BlackTitle "FM"]
[WhiteElo "2479"]
[BlackElo "2148"]
[WhiteFideId "46634827"]
[BlackFideId "1301497"]
[EventDate "2022.07.13"]

1. d4 d5 2. Nf3 Nf6 3. c3 e6 4. Bf4 c5 5. e3 Bd6 6. Nbd2 O-O 7. Bg3 Qc7 8. dxc5
Qxc5 9. Bd3 Nbd7 10. Qe2 Re8 11. e4 dxe4 12. Bxe4 Bxg3 13. hxg3 Nxe4 14. Nxe4
Qe7 15. O-O-O Nf8 16. Nd6 Rd8 1-0

[Event "55th Biel Master Open"]
[Site "Biel SUI"]
[Date "2022.07.15"]
[Round "3.11"]
[White "Huschenbeth, Niclas"]
[Black "Materia, Marco"]
[Result "1/2-1/2"]
[WhiteTitle "GM"]
[BlackTitle "IM"]
[WhiteElo "2610"]
[BlackElo "2409"]
[WhiteFideId "24604747"]
[BlackFideId "45150451"]
[EventDate "2022.07.13"]

1. e4 c5 2. Nf3 e6 3. d4 cxd4 4. Nxd4 Nc6 5. Nc3 Qc7 6. Be3 a6 7. g4 b5 8. Nxc6
Qxc6 9. Qd2 b4 10. Ne2 Qxe4 11. Rg1 Qc4 12. Ng3 Qc7 13. O-O-O Nf6 14. Bf4 Qb6
15. Be5 d5 16. Kb1 Bb7 17. g5 Nd7 18. Bd4 Qc7 19. f4 Rg8 20. Nh5 Bc5 21. Rg3
Bxd4 22. Qxd4 g6 23. Nf6+ Nxf6 24. gxf6 Rc8 25. c3 Qc5 26. Qd2 Kd7 27. cxb4 Qb6
28. a4 Rgd8 29. Bd3 Rc7 30. Ka2 Kc8 31. a5 Qc6 32. Bf1 d4 33. b5 axb5 34. Rb3
Rd5 35. Qb4 Qc2 36. Rd2 Qc5 37. Bg2 Qc4 38. Bxd5 Bxd5 39. Rxd4 Qxb4 40. Rxb4 Kb7
41. Rxb5+ Ka6 42. Rxd5 exd5 43. Re3 Kxa5 44. Re7 Rc4 45. f5 Rf4 46. Rxf7 Rxf5
47. Rf8 Kb6 48. Kb3 Rf4 49. Kc3 g5 50. Kd3 h6 51. Ke3 Re4+ 52. Kd3 Rf4 53. b4
Kc7 54. f7 Kb7 55. Kc3 h5 56. Kd3 Ka7 57. Ke3 Re4+ 58. Kf3 Rf4+ 59. Ke3 Re4+ 60.
Kf3 Rf4+ 61. Kg3 Rg4+ 62. Kf2 Rf4+ 63. Ke2 Re4+ 64. Kd3 Rf4 65. Kc3 Kb7 66. Kb3
Rf3+ 67. Ka4 d4 68. Rg8 Rxf7 69. Rxg5 Rd7 70. Kb3 d3 71. Rg1 Kb6 72. Kc4 d2 73.
Rd1 Rd8 74. h4 Rd7 75. Kc3 Kb5 76. Rxd2 Rxd2 77. Kxd2 Kxb4 78. Ke3 Kc5 79. Kf4
Kd6 80. Kg5 Ke7 81. Kxh5 Kf8 82. Kg6 Kg8 1/2-1/2

[Event "55th Biel Master Open"]
[Site "Biel SUI"]
[Date "2022.07.16"]
[Round "4.3"]
[White "Yu, Yangyi"]
[Black "Azarov, Sergei"]
[Result "1/2-1/2"]
[WhiteTitle "GM"]
[BlackTitle "GM"]
[WhiteElo "2720"]
[BlackElo "2566"]
[WhiteFideId "8603820"]
[BlackFideId "13501470"]
[EventDate "2022.07.13"]

1. c4 Nf6 2. Nc3 e6 3. d4 Bb4 4. e3 O-O 5. Bd3 d5 6. cxd5 exd5 7. Ne2 Re8 8. O-O
Bf8 9. a3 a5 10. Nf4 c6 11. Bd2 Na6 12. Qc2 g6 13. Rad1 Nc7 14. f3 Ne6 15. Nxe6
Bxe6 16. Be1 Bg7 17. Bh4 Qd6 18. Bg3 Qe7 19. Be5 Bh6 20. Rfe1 Nd7 21. Bg3 Bg7
22. Kh1 Rac8 23. Qf2 Nf6 24. h3 Rcd8 25. Bh2 b5 26. Be5 Nd7 27. Bxg7 Kxg7 28.
Ne2 Nb6 29. Nf4 Qf6 30. Qg3 Kh8 31. Qf2 Bd7 32. Qd2 a4 33. Kg1 Nc8 34. Bf1 Nd6
35. Nd3 Re7 36. Nc5 Bf5 37. Qf2 Rde8 38. Rd2 Kg7 39. Rde2 Bc8 40. e4 dxe4 41.
fxe4 Qxf2+ 42. Kxf2 Nb7 43. Nxb7 Rxb7 44. Rc2 Bd7 45. Re3 h5 46. h4 Rd8 47. Rec3
Be8 48. Ke3 b4 49. Rc4 bxa3 50. bxa3 Rb1 51. Be2 Rh1 52. g3 Rg1 53. Kf4 Ra1 54.
R2c3 Rb8 55. Bd3 Rb2 56. Ke5 Rb3 57. Bc2 Rbxa3 58. Rxa3 Rxa3 59. Bxa4 Rxg3 60.
Bxc6 Bxc6 61. Rxc6 g5 62. hxg5 Rxg5+ 63. Kf4 Rg4+ 64. Kf5 Rg3 65. d5 h4 66. Rc1
h3 67. d6 h2 68. Rh1 Rd3 69. e5 Rd2 70. Kf4 f6 71. Kf5 Rd5 72. Ke6 Rxe5+ 73. Kd7
Re2 74. Kd8 Kf7 75. d7 Rc2 76. Rf1 Rc3 77. Rh1 Rc2 78. Rf1 1/2-1/2

[Event "55th Biel Master Open"]
[Site "Biel SUI"]
[Date "2022.07.16"]
[Round "4.5"]
[White "Motylev, Alexander"]
[Black "Iniyan, P"]
[Result "1-0"]
[WhiteTitle "GM"]
[BlackTitle "GM"]
[WhiteElo "2632"]
[BlackElo "2533"]
[WhiteFideId "4121830"]
[BlackFideId "25002767"]
[EventDate "2022.07.13"]

1. e4 c5 2. Nf3 d6 3. Bb5+ Nd7 4. c4 a6 5. Ba4 g6 6. Nc3 Bg7 7. d3 Nf6 8. h3 b6
9. Be3 Bb7 10. Qd2 h5 11. Rb1 Qc7 12. O-O e6 13. a3 O-O 14. b4 Rfc8 15. Rfc1 Bc6
16. Bd1 d5 17. bxc5 bxc5 18. exd5 exd5 19. d4 Ne4 20. Nxe4 dxe4 21. Bf4 Qd8 22.
d5 Bxd5 23. Qxd5 exf3 24. Bxf3 Ra7 25. Qd6 Bf8 26. Qd5 Qf6 27. Bg5 Qd4 28. Re1
Kg7 29. Red1 Qxd5 30. Bxd5 Nf6 31. Bf3 Re8 32. Rb6 Nd7 33. Rb3 Be7 34. Re1 Nf8
35. Rbe3 Ne6 36. Rxe6 fxe6 37. Rxe6 Bxg5 38. Rxe8 Re7 39. Ra8 Re1+ 40. Kh2 Bf6
41. Ra7+ Kh6 42. Rxa6 Bd4 43. g4 hxg4 44. Bxg4 Rf1 45. Kg3 Rxf2 46. a4 Rc2 47.
Be6 Kg5 48. Kf3 Bc3 49. Ke4 Rd2 50. Bf7 Kh4 51. Rxg6 Kxh3 52. Rg8 Kh4 53. Bd5
Ra2 54. Bc6 Rd2 55. Bb5 Kh5 56. Kf5 Re2 57. Ra8 Re5+ 58. Kf4 Rg5 59. a5 Bd2+ 60.
Ke4 Kg4 61. a6 Bf4 62. Bd7+ Kg3 63. Re8 Rg7 64. a7 Rxd7 65. Rg8+ 1-0

[Event "55th Biel Master Open"]
[Site "Biel SUI"]
[Date "2022.07.16"]
[Round "4.9"]
[White "Panjwani, Raja"]
[Black "Erdos, Viktor"]
[Result "1/2-1/2"]
[WhiteTitle "IM"]
[BlackTitle "GM"]
[WhiteElo "2450"]
[BlackElo "2586"]
[WhiteFideId "2604493"]
[BlackFideId "719978"]
[EventDate "2022.07.13"]

1. d4 Nf6 2. c4 g6 3. g3 Bg7 4. Bg2 c5 5. d5 O-O 6. Nc3 e6 7. Nf3 exd5 8. cxd5
d6 9. O-O Re8 10. h3 Ne4 11. Nxe4 Rxe4 12. Nd2 Re8 13. a4 Nd7 14. Ra2 b6 1/2-1/2

[Event "55th Biel Master Open"]
[Site "Biel SUI"]
[Date "2022.07.16"]
[Round "4.10"]
[White "Muradli, Mahammad"]
[Black "Martirosyan, Haik M."]
[Result "1/2-1/2"]
[WhiteTitle "GM"]
[BlackTitle "GM"]
[WhiteElo "2523"]
[BlackElo "2672"]
[WhiteFideId "13409301"]
[BlackFideId "13306553"]
[EventDate "2022.07.13"]

1. Nf3 d5 2. d4 Nf6 3. c4 e6 4. g3 Be7 5. Bg2 O-O 6. O-O dxc4 7. Qc2 a6 8. a4
Bd7 9. Qxc4 Bc6 10. Bf4 Bd6 11. Qc1 Nbd7 12. Nc3 Qe7 13. Re1 Bxf3 14. Bxf3 Bxf4
15. Qxf4 c6 16. e4 e5 17. Qe3 Rad8 18. Red1 exd4 19. Rxd4 Ne5 20. Rad1 Rxd4 21.
Rxd4 Nxf3+ 22. Qxf3 b5 23. axb5 axb5 1/2-1/2

[Event "55th Biel Master Open"]
[Site "Biel SUI"]
[Date "2022.07.16"]
[Round "4.29"]
[White "Katz, Alexander"]
[Black "Vasquez Toledo, Cristian"]
[Result "1-0"]
[WhiteTitle "IM"]
[WhiteElo "2402"]
[BlackElo "2206"]
[WhiteFideId "2039796"]
[BlackFideId "3413454"]
[EventDate "2022.07.13"]

1. e4 c5 2. Nf3 d6 3. Bb5+ Nd7 4. O-O Nf6 5. Re1 a6 6. Bf1 e6 7. c3 Be7 8. d4
cxd4 9. cxd4 O-O 10. a4 b6 11. Nc3 Bb7 12. Bd3 e5 13. d5 Nc5 14. Be3 Rc8 15. Bc2
a5 16. Nd2 Nfd7 17. Nb5 Ba6 18. Na7 Rc7 19. Nc6 Rxc6 20. dxc6 Nb8 21. Nb1 Nxc6
22. Nc3 Bc4 23. Nd5 Bxd5 24. Qxd5 Nb4 25. Qd1 Bg5 26. Bb3 Bxe3 27. Rxe3 g6 28.
Bc4 Kg7 29. Qd2 Qe7 30. b3 Rd8 31. Rd1 f6 32. Rh3 h5 33. Qe3 Nc2 34. Qg3 Nd4 35.
Re1 Rh8 36. Qc3 Rc8 37. f4 Ncxb3 38. f5 Qc7 39. Qg3 Qxc4 40. Qxg6+ Kf8 41. Rxh5
Nf3+ 42. Kh1 Qf7 43. Rh8+ Ke7 44. Rxc8 Qxg6 45. fxg6 1-0

[Event "55th Biel Master Open"]
[Site "Biel SUI"]
[Date "2022.07.18"]
[Round "5.1"]
[White "Visakh, N R"]
[Black "Sargsyan, Shant"]
[Result "1/2-1/2"]
[WhiteTitle "GM"]
[BlackTitle "GM"]
[WhiteElo "2503"]
[BlackElo "2661"]
[WhiteFideId "25012223"]
[BlackFideId "13306766"]
[EventDate "2022.07.13"]

1. d4 Nf6 2. c4 e6 3. g3 Bb4+ 4. Bd2 a5 5. Bg2 d5 6. Nf3 O-O 7. Qc2 c5 8. cxd5
cxd4 9. a3 Bxd2+ 10. Qxd2 exd5 11. Nxd4 Ne4 12. Bxe4 dxe4 13. Nc3 Nc6 14. O-O-O
Qb6 15. Qe3 Nxd4 16. Qxd4 Qb3 17. Qd5 Qb6 18. Qd4 Qh6+ 19. Qe3 Qa6 20. Qc5 Qh6+
21. Qe3 Qa6 22. Qc5 Qh6+ 1/2-1/2

[Event "55th Biel Master Open"]
[Site "Biel SUI"]
[Date "2022.07.18"]
[Round "5.2"]
[White "Ganguly, Surya Shekhar"]
[Black "Motylev, Alexander"]
[Result "1/2-1/2"]
[WhiteTitle "GM"]
[BlackTitle "GM"]
[WhiteElo "2608"]
[BlackElo "2632"]
[WhiteFideId "5002150"]
[BlackFideId "4121830"]
[EventDate "2022.07.13"]

1. c4 c6 2. Nf3 d5 3. e3 Nf6 4. Nc3 Nbd7 5. d4 e6 6. Be2 Bd6 7. O-O b6 8. b3 Bb7
9. Bb2 O-O 10. Bd3 Re8 11. a4 a6 12. a5 b5 13. c5 Bc7 14. b4 e5 15. dxe5 Nxe5
16. Nxe5 Bxe5 17. Rb1 Bc8 18. h3 Bb8 19. Ne2 Ne4 20. Nf4 Qg5 21. Re1 Bf5 22. Qc2
Bxf4 23. exf4 Qxf4 24. Re3 Bg6 25. Rbe1 Nf6 26. Qd2 Re6 27. g3 Qh6 28. Bxf6 gxf6
29. Bxg6 hxg6 30. Qd4 Rxe3 31. Rxe3 g5 32. Re7 Kf8 33. Rc7 Re8 34. Qg4 Re6 35.
Ra7 1/2-1/2

[Event "55th Biel Master Open"]
[Site "Biel SUI"]
[Date "2022.07.18"]
[Round "5.3"]
[White "Pranav, Anand"]
[Black "Sethuraman, S.P."]
[Result "1-0"]
[WhiteTitle "IM"]
[BlackTitle "GM"]
[WhiteElo "2463"]
[BlackElo "2623"]
[WhiteFideId "46626786"]
[BlackFideId "5021596"]
[EventDate "2022.07.13"]

1. d4 Nf6 2. c4 e6 3. g3 c5 4. d5 exd5 5. cxd5 d6 6. Nc3 g6 7. Bg2 Bg7 8. Nf3
O-O 9. O-O Re8 10. Bf4 h6 11. h3 Na6 12. Re1 g5 13. Bd2 Bf5 14. h4 g4 15. Nh2
Bg6 16. e4 h5 17. Bf4 c4 18. Nb5 Nxe4 19. Bxe4 Rxe4 20. Rxe4 Bxe4 21. Nxd6 Bd3
22. b3 Nb4 23. bxc4 Bc2 24. Qd2 Bxa1 25. Qxb4 Qb6 26. Nb5 Re8 27. Qd2 Qg6 28.
Nc7 Re4 29. Be3 Rxc4 30. d6 Be5 31. Ne8 Ba4 32. d7 Bxd7 33. Qxd7 Kh7 34. Qe7 Re4
35. Qxb7 a5 36. Qd5 Kg8 37. Qd8 Kh7 38. Qd5 Kg8 39. a3 Bc3 40. Nd6 Re5 41. Qa8+
Kg7 42. Qc8 Bb2 43. Nc4 Qc2 44. Nxg4 Rb5 45. Qc6 Rf5 46. Nh2 Bf6 47. Qd7 Qb1+
48. Nf1 Qb5 49. Qc7 Qd5 50. Qc8 Qe6 51. Qxe6 fxe6 52. Nfd2 Rd5 53. Nb3 Bc3 54.
Kg2 Kf6 55. a4 e5 56. Bb6 Rd3 57. Bxa5 Bxa5 58. Nbxa5 e4 59. Nb6 Ra3 60. Nac4
Ra2 61. Nd5+ Kf5 62. a5 Ra4 63. Nde3+ Ke6 64. Nd2 Ke5 65. Ndc4+ Ke6 66. Kf1 Ra1+
67. Ke2 Ra2+ 68. Nd2 Ke5 69. Nc4+ Kd4 70. Nd6 Rxa5 71. Nb3+ 1-0

[Event "55th Biel Master Open"]
[Site "Biel SUI"]
[Date "2022.07.18"]
[Round "5.4"]
[White "Aryan, Chopra"]
[Black "Mendonca, Leon Luke"]
[Result "1-0"]
[WhiteTitle "GM"]
[BlackTitle "GM"]
[WhiteElo "2610"]
[BlackElo "2567"]
[WhiteFideId "5084423"]
[BlackFideId "35028561"]
[EventDate "2022.07.13"]

1. e4 c6 2. d4 d5 3. e5 Bf5 4. Nf3 e6 5. Be2 c5 6. Be3 Qb6 7. Nc3 Nc6 8. Na4
Qa5+ 9. c3 c4 10. b4 Bxb4 11. cxb4 Nxb4 12. Nc5 Nc2+ 13. Kf1 Nxa1 14. Qxa1 Qb5
15. a4 Qc6 16. Nh4 Bc2 17. a5 Ne7 18. Qb2 Nf5 19. Nxf5 Bxf5 20. a6 b6 21. Nb7
O-O 22. Nd6 b5 23. g4 Bg6 24. Kg2 Qxa6 25. h4 f6 26. h5 Be8 27. h6 g6 28. Bf4
Qb6 29. exf6 Rxf6 30. Be5 Rf8 31. Bd1 Rd8 32. Nxe8 Rdxe8 33. Bc2 Rf7 34. Bxg6
hxg6 35. h7+ Rxh7 36. Qb1 Rg7 37. Qc1 Qb7 38. Qh6 Ree7 39. Qh8+ Kf7 40. Qxg7+
Ke8 41. Rh8+ Kd7 42. Qxe7+ 1-0

[Event "55th Biel Master Open"]
[Site "Biel SUI"]
[Date "2022.07.18"]
[Round "5.5"]
[White "Erdos, Viktor"]
[Black "Yu, Yangyi"]
[Result "1/2-1/2"]
[WhiteTitle "GM"]
[BlackTitle "GM"]
[WhiteElo "2586"]
[BlackElo "2720"]
[WhiteFideId "719978"]
[BlackFideId "8603820"]
[EventDate "2022.07.13"]

1. e4 c5 2. Nf3 e6 3. b3 d6 4. Bb2 Nf6 5. e5 dxe5 6. Nxe5 Be7 7. Bd3 Bd7 8. Na3
Nc6 9. Nac4 O-O 10. O-O Nd4 11. Re1 Be8 12. Nf3 Nc6 13. Nce5 Nb4 14. Bf1 Qc7 15.
a3 Nc6 16. Nxc6 Bxc6 17. Ne5 Be4 18. d3 Rad8 19. Qe2 Bd5 20. c4 Bc6 21. g3 a5
22. Bc3 Nd7 23. Nxd7 Rxd7 24. Qb2 g6 25. Qd2 Ra8 26. Qh6 Bf8 27. Qg5 Be7 28. Qh6
Bf8 29. Qg5 Be7 1/2-1/2

[Event "55th Biel Master Open"]
[Site "Biel SUI"]
[Date "2022.07.18"]
[Round "5.6"]
[White "Alekseenko, Kirill"]
[Black "Azarov, Sergei"]
[Result "1-0"]
[WhiteTitle "GM"]
[BlackTitle "GM"]
[WhiteElo "2708"]
[BlackElo "2566"]
[WhiteFideId "4135539"]
[BlackFideId "13501470"]
[EventDate "2022.07.13"]

1. e4 e5 2. Nf3 Nc6 3. Bb5 a6 4. Ba4 Nf6 5. O-O Be7 6. Re1 b5 7. Bb3 d6 8. c3
O-O 9. h3 Re8 10. d4 Bb7 11. Nbd2 Bf8 12. Bc2 Rc8 13. b3 b4 14. Bb2 bxc3 15.
Bxc3 exd4 16. Nxd4 Ne5 17. b4 g6 18. Ba4 c6 19. N4f3 Nfd7 20. Nxe5 Nxe5 21. Nb3
Bh6 22. Na5 Ba8 23. Qe2 Qb6 24. Rad1 Red8 25. Bb3 Bg7 26. Kh1 c5 27. Qe3 Qc7 28.
f4 cxb4 29. Bxb4 Nc6 30. Nxc6 Bxc6 31. Qd3 Qb7 32. Bxd6 Bf8 33. e5 Bxg2+ 34. Kh2 1-0

[Event "55th Biel Master Open"]
[Site "Biel SUI"]
[Date "2022.07.18"]
[Round "5.7"]
[White "Prraneeth, Vuppala"]
[Black "Fedoseev, Vladimir3"]
[Result "0-1"]
[WhiteTitle "CM"]
[BlackTitle "GM"]
[WhiteElo "2457"]
[BlackElo "2686"]
[WhiteFideId "46622373"]
[BlackFideId "24130737"]
[EventDate "2022.07.13"]

1. e4 Nc6 2. Nf3 d6 3. d4 Nf6 4. Nc3 g6 5. d5 Nb8 6. Be3 c6 7. Qd2 Bg7 8. h3
Nbd7 9. a4 O-O 10. Be2 Nc5 11. Bxc5 dxc5 12. dxc6 bxc6 13. Qe3 Rb8 14. Rb1 Nd7
15. O-O Qa5 16. e5 Nb6 17. Nd2 Nd5 18. Nxd5 cxd5 19. Nb3 Qc7 20. Qxc5 Bxe5 21.
Qxc7 Bxc7 22. Nd4 Bb7 23. b4 Rfc8 24. Nb5 Be5 25. Nxa7 Rxc2 26. Bd3 Ra2 27. a5
Bd6 28. Rfe1 Ra4 29. Bb5 Rxb4 30. a6 Rxb1 31. Rxb1 Bxa6 0-1

[Event "55th Biel Master Open"]
[Site "Biel SUI"]
[Date "2022.07.18"]
[Round "5.8"]
[White "Lagarde, Maxime"]
[Black "Muradli, Mahammad"]
[Result "1/2-1/2"]
[WhiteTitle "GM"]
[BlackTitle "GM"]
[WhiteElo "2631"]
[BlackElo "2523"]
[WhiteFideId "662399"]
[BlackFideId "13409301"]
[EventDate "2022.07.13"]

1. e4 c5 2. Nf3 d6 3. d4 cxd4 4. Nxd4 Nf6 5. Nc3 Nc6 6. Bg5 e6 7. Qd2 a6 8.
O-O-O Bd7 9. Kb1 Nxd4 10. Qxd4 Be7 11. f4 Bc6 12. f5 Qa5 13. Bc4 exf5 14. Rhf1
fxe4 15. Bxf6 Bxf6 16. Rxf6 gxf6 17. Qxf6 Qe5 18. Qxf7+ Kd8 19. Nd5 Rc8 20. Nf4
Bd7 21. Be6 Rc7 22. Rxd6 Qxd6 23. Qf6+ Qe7 24. Qxh8+ Qe8 25. Qe5 Rc6 26. Qb8+
Rc8 27. Qe5 Rc6 28. Qb8+ Rc8 29. Qe5 1/2-1/2

[Event "55th Biel Master Open"]
[Site "Biel SUI"]
[Date "2022.07.18"]
[Round "5.9"]
[White "Iturrizaga Bonelli, Eduardo"]
[Black "Mohammad, Nubairshah Shaikh"]
[Result "1-0"]
[WhiteTitle "GM"]
[BlackTitle "IM"]
[WhiteElo "2619"]
[BlackElo "2445"]
[WhiteFideId "3901211"]
[BlackFideId "5053196"]
[EventDate "2022.07.13"]

1. c4 c6 2. Nf3 d5 3. e3 Nf6 4. Nc3 a6 5. d4 Bf5 6. Nh4 Be6 7. c5 Nbd7 8. Bd2 g5
9. Nf3 g4 10. Nh4 b5 11. Bd3 Bh6 12. b4 Bg5 13. Nf5 Bxf5 14. Bxf5 h5 15. a4 e6
16. Bd3 e5 17. Bf5 e4 18. O-O Nf8 19. f3 gxf3 20. gxf3 exf3 21. Qxf3 Rg8 22. Kh1
Ne6 23. axb5 axb5 24. Rxa8 Qxa8 25. Bxe6 fxe6 26. e4 Bh4 27. e5 1-0

[Event "55th Biel Master Open"]
[Site "Biel SUI"]
[Date "2022.07.18"]
[Round "5.10"]
[White "Raja, Harshit"]
[Black "Puranik, Abhimanyu"]
[Result "1/2-1/2"]
[WhiteTitle "GM"]
[BlackTitle "GM"]
[WhiteElo "2477"]
[BlackElo "2612"]
[WhiteFideId "5089000"]
[BlackFideId "5061245"]
[EventDate "2022.07.13"]

1. d4 Nf6 2. c4 e6 3. Nc3 d5 4. cxd5 exd5 5. Bg5 c6 6. e3 Be7 7. Qc2 O-O 8. Bd3
Nbd7 9. Nf3 h6 10. Bh4 Nb6 11. O-O Be6 12. Ne2 Nfd7 13. Bg3 Bg4 14. Ne5 Nxe5 15.
dxe5 Bxe2 16. Qxe2 Bh4 17. Bf4 Bg5 18. Bg3 Bh4 19. Bf4 Bg5 20. Bg3 Bh4 1/2-1/2

[Event "55th Biel Master Open"]
[Site "Biel SUI"]
[Date "2022.07.18"]
[Round "5.11"]
[White "Huschenbeth, Niclas"]
[Black "Panjwani, Raja"]
[Result "1-0"]
[WhiteTitle "GM"]
[BlackTitle "IM"]
[WhiteElo "2610"]
[BlackElo "2450"]
[WhiteFideId "24604747"]
[BlackFideId "2604493"]
[EventDate "2022.07.13"]

1. e4 c5 2. Nf3 Nc6 3. d4 cxd4 4. Nxd4 e5 5. Nb5 d6 6. N1c3 a6 7. Na3 Be7 8. Nc4
b5 9. Ne3 Nf6 10. g3 O-O 11. Bg2 b4 12. Ncd5 Nxd5 13. Nxd5 Bg5 14. Bxg5 Qxg5 15.
a3 Rb8 16. axb4 Nxb4 17. Ne3 Qd8 18. c3 Nc6 19. b4 a5 20. Qa4 Bb7 21. b5 Ne7 22.
O-O f5 23. exf5 Bxg2 24. Kxg2 Qb6 25. Qa2+ Kh8 26. Qxa5 Qb7+ 27. Kg1 Nxf5 28.
Qa6 Nxe3 29. Qxb7 Rxb7 30. fxe3 Rc8 31. c4 h6 32. Ra4 Rbc7 33. b6 Rb7 34. Rb1
Rc6 35. Rab4 Kg8 36. Kf2 Kf7 37. Kf3 Ke6 38. g4 Rc8 39. Ra1 Rcb8 40. Ra6 Kd7 41.
Ra7 Kc6 42. Rxb7 Kxb7 43. Ke4 Rf8 44. Kd5 Rf6 45. h4 Rg6 46. h5 Rxg4 47. Kxd6 g6
48. hxg6 Rxg6+ 49. Kxe5 h5 50. c5 Rg5+ 51. Kd6 Rg6+ 52. Kd7 Rg7+ 53. Ke6 Rg8 54.
Kd7 Rg7+ 55. Kd6 Rg6+ 56. Ke7 Rh6 57. Rh4 Kc6 58. e4 Kxc5 59. b7 Rb6 60. Rxh5+
Kc4 61. e5 Rxb7+ 62. Kf6 Kd5 63. e6+ Kd6 64. Rh8 1-0

[Event "55th Biel Master Open"]
[Site "Biel SUI"]
[Date "2022.07.18"]
[Round "5.12"]
[White "Shevchenko, Kirill"]
[Black "Katz, Alexander"]
[Result "1/2-1/2"]
[WhiteTitle "GM"]
[BlackTitle "IM"]
[WhiteElo "2654"]
[BlackElo "2402"]
[WhiteFideId "14129574"]
[BlackFideId "2039796"]
[EventDate "2022.07.13"]

1. c4 c6 2. e4 d5 3. exd5 cxd5 4. d4 Nf6 5. Nc3 e6 6. Nf3 Nc6 7. cxd5 Nxd5 8.
Bd3 Bb4 9. Qc2 Ba5 10. a3 h6 11. O-O O-O 12. Ne4 Bb6 13. Nc5 Qc7 14. Nb3 a5 15.
Be3 e5 16. Bh7+ Kh8 17. Be4 1/2-1/2

[Event "55th Biel Master Open"]
[Site "Biel SUI"]
[Date "2022.07.18"]
[Round "5.13"]
[White "Banusz, Tamas"]
[Black "Materia, Marco"]
[Result "1-0"]
[WhiteTitle "GM"]
[BlackTitle "IM"]
[WhiteElo "2611"]
[BlackElo "2409"]
[WhiteFideId "722413"]
[BlackFideId "45150451"]
[EventDate "2022.07.13"]

1. d4 Nf6 2. c4 e6 3. Bf4 d5 4. cxd5 exd5 5. e3 Bd6 6. Bxd6 Qxd6 7. Bd3 O-O 8.
Nc3 Re8 9. h3 c6 10. Qc2 Nbd7 11. Nf3 Nf8 12. O-O Ng6 13. Rab1 Bd7 14. b4 a6 15.
Na4 Rad8 16. Nc5 Bc8 17. a4 Nd7 18. Bf5 Qf6 19. Bxd7 Bxd7 20. Nxd7 Rxd7 21. b5
axb5 22. axb5 h6 23. Rfc1 Rd6 24. bxc6 bxc6 25. Rb7 Rc8 26. Ra1 Re6 27. Raa7 Ne7
28. Ne5 Re8 29. Qc5 h5 30. Qb4 Kh7 31. Qb1+ g6 32. Rb8 Rxb8 33. Qxb8 g5 34. Nd7
Qh8 35. Qxh8+ Kxh8 36. Nc5 Nc8 37. Rxf7 Re8 38. Rf5 1-0

[Event "55th Biel Master Open"]
[Site "Biel SUI"]
[Date "2022.07.18"]
[Round "5.14"]
[White "Gaehwiler, Gabriel"]
[Black "Petrov, Martin"]
[Result "0-1"]
[WhiteTitle "IM"]
[BlackTitle "GM"]
[WhiteElo "2420"]
[BlackElo "2534"]
[WhiteFideId "1314530"]
[BlackFideId "2911086"]
[EventDate "2022.07.13"]

1. d4 Nf6 2. c4 e6 3. Nf3 d5 4. g3 Bb4+ 5. Bd2 Be7 6. Bg2 O-O 7. Qc2 Nbd7 8. O-O
c6 9. Bf4 b6 10. Rd1 Ba6 11. Ne5 Rc8 12. Nc3 Bxc4 13. Nxc4 dxc4 14. e4 b5 15. d5
cxd5 16. exd5 e5 17. d6 exf4 18. Nxb5 Rc5 19. Qa4 Bxd6 20. Nxd6 Qc7 21. Rac1 Nb6
22. Qa6 c3 23. bxc3 Rxc3 24. Rxc3 Qxc3 25. Qxa7 Qc2 26. Bf3 Na4 27. Qe7 Nc3 28.
Rd4 Qxa2 29. gxf4 Qa1+ 30. Kg2 Ne2 31. Rc4 Qg1+ 32. Kh3 Qf1+ 0-1

[Event "55th Biel Master Open"]
[Site "Biel SUI"]
[Date "2022.07.18"]
[Round "5.15"]
[White "Iniyan, P"]
[Black "Song, Julien"]
[Result "1-0"]
[WhiteTitle "GM"]
[BlackTitle "IM"]
[WhiteElo "2533"]
[BlackElo "2391"]
[WhiteFideId "25002767"]
[BlackFideId "659487"]
[EventDate "2022.07.13"]

1. d4 d5 2. c4 e6 3. Nc3 c5 4. cxd5 exd5 5. Nf3 Nc6 6. g3 Nf6 7. Bg2 cxd4 8.
Nxd4 Bc5 9. Nb3 Bb6 10. O-O d4 11. Na4 O-O 12. Bg5 h6 13. Bxf6 Qxf6 14. Nxb6
axb6 15. Bxc6 bxc6 16. Qxd4 Rd8 17. Qxf6 gxf6 18. Rfc1 Be6 19. Kf1 Ra4 20. Rc3
c5 21. Ke1 c4 22. Nd2 b5 23. Rcc1 Rda8 24. a3 Kg7 25. f3 f5 26. Kf2 Kf6 27. Ke3
h5 28. h4 Rg8 29. Kf2 Rb8 30. Rab1 Ra7 31. Nf1 b4 32. axb4 Rxb4 33. Ne3 Rd7 34.
Rc2 f4 35. gxf4 Bf5 36. Nxf5 Kxf5 37. Rbc1 Rd4 38. e3 Rd3 39. Rxc4 Rd2+ 40. Kg3
Rbxb2 41. e4+ Kf6 42. Rc6+ Kg7 43. f5 Rg2+ 44. Kf4 Rbd2 45. Rc7 Rd3 46. R7c2
Rxc2 47. Rxc2 f6 48. Re2 Rd4 49. Re3 Kf7 50. Ra3 Kg7 51. Ke3 Rd1 52. Kf2 Rh1 53.
Kg2 Re1 54. Kf2 Rh1 55. Re3 Rh2+ 56. Kg3 Rh1 57. Kg2 Ra1 58. f4 Kf7 59. e5 Ke7
60. Rb3 fxe5 61. fxe5 Ra5 62. Rb7+ Kf8 63. Rb8+ Kf7 64. e6+ Kf6 65. Rf8+ Ke7 66.
Rf7+ 1-0

[Event "55th Biel Master Open"]
[Site "Biel SUI"]
[Date "2022.07.18"]
[Round "5.16"]
[White "Gagare, Shardul"]
[Black "Haimovich, Tal"]
[Result "1-0"]
[WhiteTitle "GM"]
[BlackTitle "IM"]
[WhiteElo "2514"]
[BlackElo "2372"]
[WhiteFideId "5037883"]
[BlackFideId "2801698"]
[EventDate "2022.07.13"]

1. e4 e5 2. Bc4 Nf6 3. d3 Nc6 4. Nf3 Be7 5. O-O O-O 6. h3 d6 7. a4 Kh8 8. Nc3
Ng8 9. Nd5 f5 10. Ra3 Bf6 11. Re1 Nce7 12. Nxf6 Nxf6 13. d4 Nxe4 14. dxe5 d5 15.
Ba2 c6 16. c4 Be6 17. Nd4 Bg8 18. cxd5 Bxd5 19. Bb1 Ng6 20. f3 Ng3 21. f4 Ne4
22. Kh2 Ne7 23. Nxf5 Nxf5 24. Bxe4 Bxe4 25. Qxd8 Raxd8 26. Rxe4 Rd1 27. Rc3 Kg8
28. g4 Ne7 29. f5 Nd5 30. Rc2 Re8 31. e6 Rd3 32. Rf2 h6 33. Kg2 Kf8 34. h4 Ke7
35. g5 hxg5 36. Bxg5+ Kd6 37. h5 Rh8 38. Rh4 Ne3+ 39. Kh2 Nd5 40. h6 gxh6 41.
Bxh6 Re8 42. f6 Nxf6 43. Rxf6 Rxe6 44. Bf8+ Ke5 45. Rf2 Rg6 46. Rh7 Rg4 47. Re7+
Kd4 48. Rxb7 a5 49. Ra7 Rg5 50. Be7 Rh5+ 51. Kg2 Kc4 52. Rb7 Rd4 53. Bf6 Rg4+
54. Kf3 Rg6 55. Ke3 Rg4 56. Rf4+ Rxf4 57. Kxf4 Rh3 58. Bc3 Rh5 59. Ke3 Rd5 60.
Rb6 Rh5 61. Kd2 Rh2+ 62. Kc1 Rh4 63. Bxa5 Kd3 64. Rb3+ 1-0